Vodcovstvo ako významný činiteľ tvorby, implementácie a inovácie podnikateľských modelov

Vodcovstvo ako rozhodujúci činiteľ zmeny v podnikoch. Výsledky výskumu vodcovstva pri tvorbe, implementácii a zmene podnikateľských modelov.

Uložené v:
Podrobná bibliografia
Hlavný autor: Ljudvigová, Ivana
Médium: Kapitola
Jazyk:Slovak
Predmet:
Tagy: Pridať tag
Žiadne tagy, Buďte prvý, kto otaguje tento záznam!

MARC

LEADER 00000naa a2200000 4500
001 0180263
005 20240502073052.5
041 0 |a slo 
044 |a SK 
245 1 0 |a Vodcovstvo ako významný činiteľ tvorby, implementácie a inovácie podnikateľských modelov  |c Ivana Ljudvigová 
520 |a Vodcovstvo ako rozhodujúci činiteľ zmeny v podnikoch. Výsledky výskumu vodcovstva pri tvorbe, implementácii a zmene podnikateľských modelov. 
610 2 0 |a vodcovstvo 
610 2 0 |a lídri 
610 2 0 |a manažéri 
610 2 0 |a manažment 
610 2 0 |a inovácia 
610 2 0 |a výskum 
610 2 0 |a modely 
610 2 0 |a podnik 
100 1 |a Ljudvigová, Ivana